Polskie sklepy z elektroniką - Statystyki

Ogólne statystyki
  • Ten quiz został rozwiązany 152 razy
  • Średni wynik to 3 z 7
Statystyki odpowiedzi
Sklep % Poprawnych
Media Expert
96%
RTV Euro AGD
77%
Neonet
46%
X-kom
41%
Komputronik
31%
Partner AGD RTV
7%
Sferis
4%
Nie znaleziono quizów pasujących do podanych kryteriów
Rozkład punktacji
Procent ludzi z każdym wynikiem
Percentyl według liczby udzielonych odpowiedzi
Twoja historia wyników
Nie rozwiązałeś tego quizu